Guess The Video Game Logos Pt. 8 - Statistics

General Stats
  • This quiz has been taken 40 times
  • The average score is 8 of 15
Answer Stats
Picture Answer % Correct
Cuphead
87%
Granny
81%
Fallout
74%
Tetris
74%
Granny 2
71%
Granny 3
68%
Beat Saber
55%
Dr. Mario
52%
Banjo Kazooie
35%
Celeste
32%
Megabonk
32%
Cloverpit
26%
Trollface Quest
26%
Grounded
23%
The Twins
19%
No matching quizzes found
Score Distribution
Percent of People with Each Score
Percentile by Number Answered
Your Score History
You have not taken this quiz